000 00400nam a22001697a 4500
005 20240321121032.0
008 160627b xxu||||| |||| 00| 0 eng d
020 _a81-7554-150-4
041 _aeng
082 _b10473
100 _aFoster, Temothy R.U.
_92927
245 _a101 Ways to Boost Customer Satisfaction
260 _bKogan
_c2003
300 _a157
650 _aManagement
942 _cBK
999 _c4236
_d4235